| 000 | 00848cab a2200253 4500 | ||
|---|---|---|---|
| 001 | WB3223-39 | ||
| 008 | 090401t1996 xxu||||| |||| 00| 0 eng d | ||
| 035 | _a(Sirsi) u27796 | ||
| 041 | _aeng | ||
| 245 | _aRole in rural economy | ||
| 260 | _c1996 | ||
| 350 | _a0 | ||
| 490 |
_aHerald _v11 June 1996, 4 |
||
| 490 |
_aSurveyor _v11 June 1996, 6(2) |
||
| 520 | _aAccording to Scottish Office commissioned-report "Scottish rural life update: a revised socio-economic profile of rural Scotland" although the population rose by 3.5% between 1981 and 1991, fewer than 8% of rural jobs are in agriculture. | ||
| 650 | _aAGRICULTURE | ||
| 650 | _aARKLETON CENTRE FOR RURAL DEVELOPMENT RESEARCH | ||
| 650 | _aRURAL CHANGE | ||
| 650 | _aRURAL ECONOMY | ||
| 650 | _aSCOTLAND | ||
| 690 | _aRURAL PRACTICE | ||
| 942 | _n0 | ||
| 948 | _c04/03/1997 | ||
| 999 |
_c18727 _d18727 |
||